Central Library OPAC University of Rajshahi

Physical geography / (Record no. 11396)

MARC details
000 -LEADER
fixed length control field 00769nam a2200241 4500
001 - CONTROL NUMBER
control field 11396
003 - CONTROL NUMBER IDENTIFIER
rucl marc code BD-RjUL
005 - DATE AND TIME OF LATEST TRANSACTION
control field 20211208235123.0
008 - FIXED-LENGTH DATA ELEMENTS--GENERAL INFORMATION
fixed length control field 140126s19611958enka 001 0 eng d
035 ## - SYSTEM CONTROL NUMBER
System control number (BD-RjUL)11445
040 ## - CATALOGING SOURCE
Original cataloging agency WSU
Modifying agency BD-RjUL
Language of cataloging eng
Transcribing agency BD-RjUL
041 ## - LANGUAGE CODE
Language code of text/sound track or separate title eng
082 00 - DEWEY DECIMAL CLASSIFICATION NUMBER
Classification number 910.02
Author mark and year LAP 1961
Edition number 23
100 1# - MAIN ENTRY--PERSONAL NAME
Personal name Lake, Philip,
Dates associated with a name 1865-1949.
9 (RLIN) 35232
245 10 - TITLE STATEMENT
Title Physical geography /
Statement of responsibility, etc. Philip Lake, under the editorship of J. A. Steers
250 ## - EDITION STATEMENT
Edition statement 4th ed.
260 ## - PUBLICATION, DISTRIBUTION, ETC. (IMPRINT)
Place of publication, distribution, etc. Cambridge :
Name of publisher, distributor, etc. Cambridge University Press,
Date of publication, distribution, etc. 1958 [Reprinted 1961].
300 ## - PHYSICAL DESCRIPTION
Pagination xxviii,483 p. :
Illustrations ill. :
Size 22 cm.
504 ## - BIBLIOGRAPHY, ETC. NOTE
Bibliography, etc Includes index.
650 #0 - SUBJECT ADDED ENTRY--TOPICAL TERM
Topical term or geographic name as entry element Physical geography
Form subdivision Textbooks.
9 (RLIN) 32655
700 1# - ADDED ENTRY--PERSONAL NAME
Personal name Steers, J. A.
Fuller form of name (James Alfred),
Dates associated with a name 1899-.
942 ## - ADDED ENTRY ELEMENTS (KOHA)
Source of classification or shelving scheme Dewey Decimal Classification
Koha item type Books
Holdings
Lost status Source of classification or shelving scheme Damaged status Not for loan Collection code Permanent Location Current Location Shelving location Date acquired Source of acquisition Cost, normal purchase price Total Checkouts Full call number Date last seen Copy number Koha item type
  Dewey Decimal Classification     Non-fiction Central Library, University of Rajshahi Central Library, University of Rajshahi   30/11/1965 Zeitlinger 25.00   910.02 LAP 1961 27/01/2014 C-2 Books
  Dewey Decimal Classification   Not For Loan Non-fiction Central Library, University of Rajshahi Central Library, University of Rajshahi   07/02/1963 Zeetlinger     910.02 LAP 1971 16/05/2017 C-1 Books